Asian Cities : Sudden Death - Statistics

General Stats
  • This quiz has been taken 199 times
  • The average score is 9 of 15
Answers on the Grid
Answers color-coded by a green-red scale on the quiz's grid according to % correct below.
Aba
Addis Ababa
Ankara
Athens
Bandung
Belem
Belmopan
Busan
Chittagong
Colombo
Dar es Salam
Dodoma
Indore
Jaipur
Kuwait City
Lahore
Luxor
Malacca
Malaga
Medellin
Nagoya
Ndjamena
Pondicherry
Port Said
Pristina
Quetta
Quito
Recife
Sendai
Vientiane
 
Answer Stats
Answer % Correct
Ankara
88%
Kuwait City
84%
Busan
74%
Jaipur
74%
Lahore
71%
Chittagong
69%
Colombo
67%
Vientiane
65%
Bandung
62%
Nagoya
57%
Sendai
48%
Indore
43%
Malacca
43%
Pondicherry
38%
Quetta
31%
No matching quizzes found
Score Distribution
Percent of People with Each Score
Percentile by Number Answered
Your Score History
You have not taken this quiz